000 00673nam a2200277Ia 4500
005 20260324130211.0
008 008 260324s9999 xx 000 0 eng d
020 _a9780203889336
037 _aEBOOK
040 _aCRL
040 _beng
040 _cCRL
041 _2eng
041 _aeng
084 _qCRL
100 _aAngharad Closs Stephens; Nick Vaughan-Williams
_91180882
245 0 _aTerrorism and the Politics of Response
260 _bTaylor and Francis
260 _c2008
365 _a
365 _b255
856 _uhttp://www.taylorfrancis.com/books/9780203889336
942 _cEBOOK
999 _c1776847
_d1776847